Direct marketing

Bibliographic Details
New Title:Direct marketing (Online)
Previous Title:Reporter of direct mail advertising
Format: Electronic Journal
Language:English
Published: [Garden City, N.Y.], [Hoke Communications]
Subjects:
Online Access:Full text available from Research Library: 12/01/1987 to 10/31/2002

MARC

LEADER 00000nas a2200000 4500
001 ssj0001495
003 WaSeSS
005 20200512172242.0
006 m d
007 cr n
008 760409d19682002nyumr p s 0 a0eng
010 |a  78645569  
016 |a (AMICUS)000000633721 
022 |l 0012-3188  |y 0012-3188 
030 |a DIMADI 
032 |a 607260  |b USPS 
035 |a (WaSeSS)ssj0001495 
037 |b 224 7th St., 11530-5726 
040 |a AGL  |b eng  |c AGL  |d DLC  |d NSD  |d DLC  |d OCL  |d NSD  |d DLC  |d AIP  |d NSD  |d OCL  |d NST  |d OCL  |d NST  |d DLC  |d NSD  |d NST  |d IUL  |d DLC  |d OCLCQ  |d IUL  |d OCL  |d LVB  |d OCLCQ  |d OCLCF  |d I8M  |d OCLCQ  |d GILDS  |d NLC  |d CPO  |d OCLCQ  |d OCLCO  |d ZAS  |d RDF  |d CWI  |d CBA  |d WaSeSS 
042 |a pcc  |a nsdp 
050 0 0 |a HF5861  |b .R4 
070 |a 238.28  |b R29 
082 0 |a 659.13/3/05 
210 0 |a Direct mark. 
222 0 |a Direct marketing 
245 0 0 |a Direct marketing  |h [electronic resource]. 
260 |a [Garden City, N.Y.],  |b [Hoke Communications] 
310 |a Monthly 
362 0 |a v. 31- May 1968- 
362 1 |a Ceased with v. 65, no. 6 (Oct. 2002). 
506 |a License restrictions may limit access. 
580 |a Has companion publication: Guide to mail order sales, 1981-1987. 
580 |a Ceased in print format. Continued online by: Direct marketing (Online). 
650 0 |a Direct marketing  |v Periodicals. 
650 6 |a Marketing direct  |v Périodiques. 
650 7 |a Direct marketing.  |2 fast  |0 (OCoLC)fst00894544 
655 0 |a Electronic journals. 
776 1 |t Direct marketing  |w (DLC)sn 90012000  |w (OCoLC)14109163 
780 0 0 |t Reporter of direct mail advertising  |w (OCoLC)1715022 
785 0 0 |t Direct marketing (Online) 
787 1 |t Guide to mail order sales  |x 1056-6082  |w (DLC) 91641670  |w (OCoLC)9726485 
850 |a AAP  |a AzU  |a CtY-SSE  |a DLC  |a FU  |a INS  |a InLP  |a InU  |a KPT  |a KyLoU  |a MCM  |a MoKU  |a MsU  |a NIC  |a NcU  |a NhD  |a OCU  |a OrU  |a PBL  |a ViBlbV  |a WyU 
856 4 0 |z Full text available from Research Library: 12/01/1987 to 10/31/2002  |u https://search.proquest.com/publication/40758